Cartas de mujeres (primera serie) / (Record no. 115308)

MARC details
000 -LEADER
campo de control de longitud fija 00735nam a2200229 i 4500
001 - NÚMERO DE CONTROL
campo de control 115308
003 - IDENTIFICADOR DE NÚMERO DE CONTROL
campo de control ES-MaACL
005 - FECHA Y HORA DE LA ÚLTIMA TRANSACCIÓN
campo de control 20251002201031.0
007 - CAMPO FIJO DE DESCRIPCIÓN FÍSICA--INFORMACIÓN GENERAL
campo de control de longitud fija t|
008 - DATOS DE LONGITUD FIJA--INFORMACIÓN GENERAL
campo de control de longitud fija 070305q19011904sp |||| | spa d
080 ## - NÚMERO DE LA CLASIFICACIÓN DECIMAL UNIVERSAL
Número de la Clasificación Decimal Universal 860-6"19"
100 1# - ENTRADA PRINCIPAL--NOMBRE DE PERSONA
Nombre de persona Benavente, Jacinto,
Fechas asociadas al nombre 1866-1954
9 (RLIN) 27443
245 10 - MENCIÓN DEL TÍTULO
Título Cartas de mujeres (primera serie) /
Mención de responsabilidad, etc. Jacinto Benavente ; dibujos de R. Marín.
260 ## - PUBLICACIÓN, DISTRIBUCIÓN, ETC.
Lugar de publicación, distribución, etc. Madrid :
Nombre del editor, distribuidor, etc. B. Rodríguez Serra,
Fecha de publicación, distribución, etc. [entre 1901 y 1904]
300 ## - DESCRIPCIÓN FÍSICA
Extensión 93 p. :
Otras características físicas il. ;
Dimensiones 13 cm.
490 1# - MENCIÓN DE SERIE
Mención de serie Biblioteca Mignon ;
Designación de volumen o secuencia 21
500 ## - NOTA GENERAL
Nota general Retrato del autor.
700 1# - ENTRADA AGREGADA--NOMBRE PERSONAL
Nombre de persona Marín, Ricardo,
Fechas asociadas al nombre 1874-1955
9 (RLIN) 76757
830 1# - PUNTO DE ACCESO ADICIONAL DE SERIE-TÍTULO UNIFORME
Título uniforme Biblioteca Mignon ;
Designación de volumen o secuencia 21
9 (RLIN) 186216
852 4# - LOCALIZACIÓN
Ubicación ES-MaACL
Número de control de estantería F-1202(1)
Holdings
Estatus retirado Estado de pérdida Estado de daño No para préstamo Biblioteca de origen Biblioteca actual Ubicación en estantería Fecha de adquisición Fuente de adquisición Total de préstamos Signatura topográfica completa Código de barras Visto por última vez Precio de reemplazo Tipo de ítem Koha
        Biblioteca del Ateneo de Madrid Biblioteca del Ateneo de Madrid Depósito 2 17/01/2008     F-1202(1) 1120229 23/02/2023 23/02/2023 Libro impreso antiguo